000 00347nam a2200145Ia 4500
008 230312s9999||||xx |||||||||||||| ||und||
020 _a988-15451-0-7
082 _a720.47
_bJIA-L
100 _aJialin;Tong
245 0 _aLiving Wall Jungle The Concrete
260 _bMedia
_aChina
_c2013
300 _a255
650 _aArchitecture
942 _cBK
999 _c11950
_d11950